000 00972cam a2200217 4500
001 WB3726-06
008 000000n2001 000 0 eng u
035 _a(Sirsi) u113430
245 _aDepreciation in property
260 _c2001
490 _aFinancial Times
_v 29 June 2001, 28(2)
520 _aDiscusses the issue of depreciation in the property industry. Notes how the amount of depreciation in the industry is not noted on many accounts of property companies. A recent paper on the issue in the property industry notes that depreciation cuts an estimated rental value by anything from 1.2% to 1.4% annually across a portfolio. With table of reinvestment rate.
590 _aWB
650 _aPROPERTY DEPRECIATION
650 _aPROPERTY INDUSTRY
650 _aPROFIT AND LOSS ACCOUNT
650 _aESTIMATED RENTAL VALUE
650 _aOFFICE BUILDINGS
690 _aPROPERTY-COMMERCIAL PROPERTY-COMMERCIAL PROPERTY FINANCE AND INVESTMENT
942 _n0
999 _c67584
_d67584